| 000 | 01622nam a22002657a 4500 | ||
|---|---|---|---|
| 003 | PE SENCICO BE | ||
| 005 | 20251020182709.0 | ||
| 008 | 241203b |||||||| |||| 00| 0 eng d | ||
| 040 |
_aPE SENCICO BE _cPE SENCICO BE |
||
| 041 | _aspa | ||
| 082 |
_a658.404 _bG71 _c2013 |
||
| 100 | 1 |
_92733 _aGonzález de la Cueva, María Eugenia _eautor |
|
| 245 | 1 |
_aAdministración de proyectos : _boptimización de recursos / _cMaría Eugenia González de la Cueva, Jorge Martinez del Campo Rangel |
|
| 250 | _a2a ed. | ||
| 260 |
_aLima : _bTrillas ; _c2013 |
||
| 300 |
_a224 p. : _bdiagrs. ; _c23 cm. |
||
| 505 | 0 | _a¿Que es la administración de proyectos? -- Administración de portafolio de proyectos -- Planeación de un proyecto -- Ejecución del proyecto -- Sistema de control y seguimiento -- Registro de avance de la ejecución del proyecto -- Sistema de información, el corazón del corazón y seguimiento -- El equipo del proyecto y la comunicación -- Cuando las cosas no van bien -- Cierre exitoso de proyectos. | |
| 520 | 3 | _aSe aborda la metodología de administración de proyectos, que consiste en la aplicación de conocimientos, habilidades, herramientas y técnicas a las actividades de un proyecto, para satisfacer las necesidades de una empresa, cliente o negocio. Los temas se desarrollan con base en la experiencia profesional de los autores. | |
| 650 | 1 | 0 |
_9149 _aAdministración de proyectos |
| 650 | 2 | 0 |
_9419 _aPlanificación empresarial |
| 650 | 2 | 0 |
_92269 _aFinanciamiento de proyectos |
| 700 | 1 |
_92734 _aMartinez del Campo Rangel, Jorge _eautor |
|
| 910 |
_ahfp _bhfp _chfp |
||
| 942 |
_2ddc _cLIB |
||
| 999 |
_c5012 _d5012 |
||